[Event "IECG CP.2002.Q.00019 email"]
[Site "IECG email"]
[Date "2003.10.01"]
[Round "?"]
[White "Tokmachev, Mikhail"]
[Black "Trigo, Isaac"]
[Result "0-1"]
[WhiteElo "2091"]
[BlackElo "2020"]
[PlyCount "64"]
[EventDate "2003.10.01"]
[EventType "tourn (corr)"]
[EventRounds "10"]
[SourceTitle "Corr 2008"]
[Source "ChessBase"]
[SourceDate "2008.06.24"]
[SourceVersion "1"]
[SourceVersionDate "2008.06.24"]
[SourceQuality "1"]

1. e4 c5 2. Nf3 d6 3. d4 cxd4 4. Nxd4 Nf6 5. Nc3 a6 6. Be3 Ng4 7. Bc1 Nf6 8. f3 e6 9. Be3 b5 10. Qd2 Nbd7 11. g4 h6 12. 0-0-0 Bb7 13. h4 b4 14. Na4 Qa5 15. b3 Nc5 16. a3 Nxa4 17. axb4 Qc7 18. bxa4 Nd7 19. b5 d5 20. bxa6 Bxa6 21. Bxa6 Ba3+ 22. Kb1 Rxa6 23. Nb5 Qb8 24. Bf4 e5 25. Qxd5 0-0 26. Rd4 Rd6 27. Bxe5 Rxd5 28. Bxb8 Rxd4 29. Nxd4 Rxb8+ 30. Ka2 Bf8 31. Rb1 Ra8 32. Kb3 Nc5+ 0-1

[Event "IECG CP.2002.Q.00019 email"]
[Site "IECG email"]
[Date "2003.10.01"]
[Round "?"]
[White "Trigo, Isaac"]
[Black "Lorenzi, Matteo"]
[Result "1/2-1/2"]
[WhiteElo "2020"]
[BlackElo "1525"]
[PlyCount "74"]
[EventDate "2003.10.01"]
[EventType "tourn (corr)"]
[EventRounds "10"]
[SourceTitle "Corr 2008"]
[Source "ChessBase"]
[SourceDate "2008.06.24"]
[SourceVersion "1"]
[SourceVersionDate "2008.06.24"]
[SourceQuality "1"]

1. e4 c5 2. Nf3 Nc6 3. d4 cxd4 4. Nxd4 Nf6 5. Nc3 e5 6. Ndb5 d6 7. Bg5 a6 8. Na3 b5 9. Bxf6 gxf6 10. Nd5 f5 11. Bd3 Be6 12. 0-0 Bxd5 13. exd5 Ne7 14. c3 Bg7 15. Qh5 e4 16. Bc2 Qc8 17. Rae1 0-0 18. Bb3 a5 19. Qg5 Qb7 20. f3 h6 21. Qg3 a4 22. Bc2 b4 23. cxb4 e3 24. b5 Qxd5 25. f4 Ng6 26. Re2 Rae8 27. Rd1 Qxa2 28. Bxf5 Qb3 29. Bc2 Qxb2 30. f5 Qxa3 31. fxg6 Qb4 32. gxf7+ Rxf7 33. Bg6 Rf2 34. Rxe3 Ref8 35. Bd3 Qd4 36. h3 a3 37. Rde1 R2f6 1/2-1/2

[Event "IECG QA.2001.0.00006"]
[Site "IECG email"]
[Date "2001.07.18"]
[Round "2"]
[White "Bendig, Frank"]
[Black "Trigo, Isaac"]
[Result "1-0"]
[WhiteElo "2087"]
[BlackElo "2050"]
[PlyCount "121"]
[EventDate "2001.07.18"]
[EventType "tourn (corr)"]
[EventRounds "6"]
[SourceTitle "Corr 2024"]
[Source "ChessBase"]
[SourceDate "2023.10.19"]
[SourceVersion "1"]
[SourceVersionDate "2023.10.19"]
[SourceQuality "1"]

1. Nf3 f5 2. b4 d6 3. Bb2 e5 4. e3 Nf6 5. c4 g6 6. Be2 Bg7 7. d4 e4 8. Nfd2 d5 9. Nc3 Be6 10. cxd5 Nxd5 11. Nxd5 Bxd5 12. 0-0 Nd7 13. b5 0-0 14. a4 f4 15. exf4 Rxf4 16. Nc4 Kh8 17. Ne3 c6 18. Qd2 Rf7 19. a5 Nf6 20. Rfc1 Qd7 21. a6 cxb5 22. Rc5 b6 23. Bxb5 Qe6 24. Rc2 Ng4 25. Nxd5 Rxf2 26. Qxf2 Nxf2 27. Nc7 Qb3 28. Rxf2 Rf8 29. Re2 Rf7 30. Rc1 Bh6 31. d5+ Kg8 32. Rce1 Rxc7 33. d6 Rc5 34. Bd7 Bg7 35. Bxg7 Kxg7 36. Bh3 Qd3 37. d7 Rd5 38. Rxe4 Qxa6 39. Re7+ Kh6 40. Be6 Rd4 41. Bg8 Qd3 42. Rxh7+ Kg5 43. Be6 Kf6 44. h4 g5 45. Rf7+ Kg6 46. h5+ Kxh5 47. Bf5 Rxd7 48. Bxd3 Rxf7 49. g3 Rf6 50. Re5 a5 51. Kg2 Rd6 52. Bf5 g4 53. Be4+ Kh6 54. Kf2 a4 55. Ke3 Rd1 56. Re6+ Kg5 57. Rg6+ Kh5 58. Rxb6 Re1+ 59. Kf4 Rf1+ 60. Ke5 Rg1 61. Kf6 1-0

[Event "IECG QA.2001.0.00006"]
[Site "IECG email"]
[Date "2001.07.18"]
[Round "2"]
[White "Mirkovic, Vladimir"]
[Black "Trigo, Isaac"]
[Result "1/2-1/2"]
[WhiteElo "2176"]
[BlackElo "2050"]
[PlyCount "105"]
[EventDate "2001.07.18"]
[EventType "tourn (corr)"]
[EventRounds "6"]
[SourceTitle "Corr 2024"]
[Source "ChessBase"]
[SourceDate "2023.10.19"]
[SourceVersion "1"]
[SourceVersionDate "2023.10.19"]
[SourceQuality "1"]

1. e4 c5 2. Nf3 d6 3. d4 cxd4 4. Nxd4 Nf6 5. Nc3 a6 6. Bc4 e6 7. Bb3 b5 8. 0-0 b4 9. Na4 Bd7 10. a3 a5 11. axb4 axb4 12. Re1 Be7 13. Bg5 0-0 14. c3 bxc3 15. Nxc3 Rxa1 16. Qxa1 Nc6 17. Nxc6 Bxc6 18. Ba4 Bb7 19. Bc2 h6 20. Be3 d5 21. Qa7 Qb8 22. exd5 Qxa7 23. Bxa7 Nxd5 24. Nxd5 Bxd5 25. Bd4 Rb8 26. Ra1 f6 27. h4 e5 28. Bc3 h5 29. Ra5 Be6 30. Ra7 Kf7 31. Kf1 Bb3 32. Be4 Be6 33. Ke1 Rb5 34. f3 f5 35. Bd3 Rd5 36. Ke2 g6 37. g3 Bd7 38. Bb4 Ke8 39. Bxe7 Kxe7 40. Bc4 Rc5 41. Kd3 Kd6 42. b4 Rc8 43. Ra6+ Rc6 44. b5 Rxa6 45. bxa6 Kc7 46. a7 Kb7 47. Bf7 Kxa7 48. Bxg6 Kb6 49. Bxh5 Kc5 50. g4 fxg4 51. fxg4 Bxg4 52. Bxg4 Kd6 53. h5 1/2-1/2

[Event "IECG QA.2001.0.00006"]
[Site "IECG email"]
[Date "2001.07.18"]
[Round "1"]
[White "Trigo, Isaac"]
[Black "Mirkovic, Vladimir"]
[Result "1/2-1/2"]
[WhiteElo "2050"]
[BlackElo "2176"]
[PlyCount "99"]
[EventDate "2001.07.18"]
[EventType "tourn (corr)"]
[EventRounds "6"]
[SourceTitle "Corr 2024"]
[Source "ChessBase"]
[SourceDate "2023.10.19"]
[SourceVersion "1"]
[SourceVersionDate "2023.10.19"]
[SourceQuality "1"]

1. e4 e5 2. Nf3 Nf6 3. Nxe5 d6 4. Nf3 Nxe4 5. d4 d5 6. Bd3 Nd6 7. 0-0 Be7 8. Re1 0-0 9. Bf4 Re8 10. Nbd2 Nd7 11. c3 Nf6 12. Qb3 b6 13. Ne5 Bb7 14. Qa4 c5 15. dxc5 bxc5 16. Nc6 Bxc6 17. Qxc6 Rc8 18. Qa4 c4 19. Bf1 Qb6 20. Qc2 Nde4 21. Nxe4 Nxe4 22. Rad1 Bc5 23. Be3 Bxe3 24. Rxe3 Re6 25. Rd4 Nf6 26. Rxe6 Qxe6 27. b3 cxb3 28. Qxb3 Re8 29. c4 Qe5 30. Qd1 dxc4 31. Bxc4 Qc5 32. h3 h6 33. Bb3 Qc7 34. g3 Qc8 35. Ba4 Rf8 36. Kh2 Qc5 37. Qd2 Rc8 38. Bb3 Qe7 39. Qa5 Rc7 40. Rd2 Rc8 41. Qf5 Rc5 42. Qd3 Rc8 43. Re2 Qb7 44. Re1 Qc7 45. Re3 Re8 46. Rxe8+ Nxe8 47. Qc4 Qd7 48. Ba4 Qd2 49. Qc2 Qd8 50. Bxe8 1/2-1/2